|
|
|
|
| LEADER |
01023nam a2200241 a 4500 |
| 001 |
GR-Antirio1019 |
| 008 |
140627s1996 xxu g 000 0 eng d |
| 020 |
|
|
|a 1566043557
|
| 040 |
|
|
|a GrPaTEI
|b gre
|c GR-PaULI
|
| 040 |
|
|
|a GrPaTEI
|b gre
|c GR-PaULI
|
| 082 |
|
0 |
|a 005.2
|2 22
|
| 100 |
1 |
|
|a Thomas, Michael D.
|
| 245 |
1 |
0 |
|a Java programming for the internet :
|b a guide to creating dynamic, interactive internet applications /
|c Michael D. Thomas ... [et al.].
|
| 260 |
|
|
|a Research Triangle Park, NC :
|b Ventana,
|c 1996
|
| 300 |
|
|
|a xxiv, 780 σ. :
|b εικ. +
|e 1 cd-rom
|
| 500 |
|
|
|a Περιλαμβάνει ευρετήριο.
|
| 650 |
|
0 |
|a Internet
|
| 650 |
|
0 |
|a Java (Computer program language)
|
| 710 |
0 |
|
|a Ventana
|
| 942 |
|
|
|2 ddc
|
| 952 |
|
|
|0 0
|1 0
|2 ddc
|4 0
|6 005_200000000000000_JAV
|7 0
|9 262733
|a LISK-2
|b LISK-2
|c BSC
|d 2021-01-17
|e 24
|f 0
|g 0.00
|l 0
|o 005.2 JAV
|p 2430000007734
|r 2021-01-17 00:00:00
|t 1
|w 2021-01-17
|y BK15
|x 20140627 0 ΧΑΣΑΝΗ 1
|x GrPaTEI - Antirrio
|
| 971 |
|
|
|a .b25708181
|b 15-04-20
|c 12-09-16
|
| 999 |
|
|
|c 151375
|d 151375
|